Francie: bez uvolnění trhu práce nemá země budoucnost
Francúzsko sa chystá reformovať prísne regulovaný trh práce, aby pomohlo tým, ktorí prácu nemajú.
Salvato in:
| Natura: | Capitolo di libro |
|---|---|
| Lingua: | ceco |
| Soggetti: | |
| Tags: |
Nessun Tag, puoi essere il primo ad aggiungerne!!
|
MARC
| LEADER | 00000naa a2200000 4500 | ||
|---|---|---|---|
| 001 | 0240854 | ||
| 005 | 20180305080313.9 | ||
| 041 | 0 | |a cze | |
| 044 | |a CZ | ||
| 245 | 1 | 0 | |a Francie: bez uvolnění trhu práce nemá země budoucnost |
| 520 | |a Francúzsko sa chystá reformovať prísne regulovaný trh práce, aby pomohlo tým, ktorí prácu nemajú. | ||
| 610 | 2 | 0 | |a Francúzsko |
| 610 | 2 | 0 | |a trh práce |
| 610 | 2 | 0 | |a regulácia trhu |